| 000 | 02334nam0a2200337 i 4500 | ||
|---|---|---|---|
| 001 | RU\NLR\bibl\2023079 | ||
| 005 | 20260408094707.0 | ||
| 010 | _a9785902459231 | ||
| 021 |
_aRU _b2013-17786 _91250 |
||
| 035 | _a(NLR Aleph) 002011241 | ||
| 090 |
_a4459013 _c4459013 |
||
| 100 | _a20130411d2012 u y0rusy50 ca | ||
| 101 | 0 | _arus | |
| 102 | _aRU | ||
| 105 | _aa ||||||||| | ||
| 200 | 1 |
_aАктуальные проблемы социально-экономического развития современной России _eколлективная монография _e[статьи, представленные на Первой всероссийской научно-практической конференции "Экономика и управление в XXI веке: тенденции развития" (25-26 мая 2012 г.) _fотв. ред.: С.В. Бойко] |
|
| 210 |
_aЧереповец _cИНЖЭКОН-Череповец _d2012 |
||
| 215 |
_a201 с. _cил. _d21 |
||
| 300 | _aВ надзаг.: М-во образования и науки Рос. Федерации, Фил. Федер. гос. бюджет. образоват. учреждения высш. проф. образования "С.-Петерб. гос. инженер.-экон. ун-т" в г. Череповце | ||
| 320 | _aБиблиогр.: с. 191-201 | ||
| 607 |
_aРоссийская Федерация _xСоциально-экономическое развитие _92073290 _3RU\NLR\auth\661248179 |
||
| 686 | _aУ03(2Р)74 | ||
| 686 | _aТ3(2Р)74 | ||
| 702 | 1 |
_4340 _7ca _8rus _aБойко _bС. В. _cканд. филос. наук _gСтанислав Владимирович _974428 _3RU\NLR\auth\7791501 |
|
| 711 | 1 | 2 |
_a"Экономика и управление в XXI веке: тенденции развития", всероссийская научно-практическая конференция _d1 _eЧереповец _f2012 _9356729 _3RU\NLR\AUTH\8810235759 |
| 712 | 0 | 2 |
_4570 _aСанкт-Петербургский государственный инженерно-экономический университет _bФилиал _cЧереповец _9809662 _3RU\NLR\AUTH\8810157135 |
| 801 | 0 |
_aRU _bNLR _c20130411 _gRCR |
|
| 801 | 1 |
_aRU _bNLR _c20130411 |
|
| 942 | _cBOOK | ||
| 980 | _aNBR | ||